Çöp adamın tren ve otomobil rehberi / (Record no. 22361)

MARC details
000 -BAŞLIK
Sabit Uzunluktaki Kontrol Alanı 00621nam a22001937a 4500
003 - KONTROL NUMARASI KİMLİĞİ
Kontrol Alanı koha_MIRAKIL
005 - EN SON İŞLEM TARİHİ ve ZAMANI
Kontrol Alanı 20250528123022.0
008 - SABİT UZUNLUKTAKİ VERİ ÖGELERİ - GENEL BİLGİ
Sabit Alan 250528b tur||||| |||| 00| 0 tur d
020 ## - ISBN - ULUSLARARASI STANDART KİTAP NUMARASI
Isbn 9789752421103
040 ## - KATALOGLAMA KAYNAĞI
Özgün Kataloglama Kurumu TR-IsEVY
Kataloglama Dili tur
Çeviri Kurumu TR-IsEVY
082 ## - DEWEY ONU SINIFLAMA SİSTEMİ
Sınıflama Numarası 388.3 FAR/Ç
100 ## - KİŞİ ADI
Yazar Adı (Kişi adı) Farndon, John
245 #0 - ESER ADI BİLDİRİMİ
Başlık Çöp adamın tren ve otomobil rehberi /
Sorumluluk Bildirimi John Farndon ; çizer John Paul de Quay.
260 ## - YAYIN, DAĞITIM, VB.
Yayın Yeri İstanbul :
Yayınevi Teleskop Popüler Bilim ,
Yayın Tarihi 2017
300 ## - FİZİKSEL TANIMLAMA
Sayfa, Cilt vb. 32 s. :
Diğer fiziki detaylar renkli resimli ;
Boyutları 27 cm.
650 ## - KONU BAŞLIĞI EK GİRİŞ - KONU TERİMİ
Konusal terim veya coğrafi ad Taşıtlar.
Alt başlık biçimi Trenler.
-- Otomobiller.
700 1# - EK GİRİŞ - KİŞİ ADI
Yazar Adı (Kişi adı) Quay, John Paul de
Ünvan çizer.
942 ## - EK GİRİŞ ÖGELERİ (KOHA)
Source of classification or shelving scheme Dewey Decimal Classification
Koha item type Kitap
Holdings
Kayıp Durumu Sınıflandırma Kaynağı Hasarlı Durumu Koleksiyon Kodu Kalıcı Konum Mevcut Konum Kayıt Tarih Edinim Kaynağı Toplam Ödünçverme Yer Numarası Demirbaş Numarası Son Görülme Tarihi Fatura Tarihi Materyal Türü
  Dewey Decimal Classification   İlkokul İLKOKUL KÜTÜPHANESİ İLKOKUL KÜTÜPHANESİ 28/05/2025 Bağış   388.3 FAR/Ç 23661 28/05/2025 28/05/2025 Kitap